जीवनसाथीSाी निवड (Record no. 290694)

MARC details
000 -LEADER
fixed length control field 00600nam a2200169Ia 4500
008 - FIXED-LENGTH DATA ELEMENTS--GENERAL INFORMATION
fixed length control field 090711s9999 xx 000 0 und d
082 ## - DEWEY DECIMAL CLASSIFICATION NUMBER
Item number 78748
100 ## - MAIN ENTRY--PERSONAL NAME
Personal name मालवी वनराज
245 ## - TITLE STATEMENT
Title जीवनसाथीSाी निवड
260 ## - PUBLICATION, DISTRIBUTION, ETC. (IMPRINT)
Name of publisher, distributor, etc सेल्फ डेव्हलपमेंट पब्लिकेशन
Date of publication, distribution, etc 1996
300 ## - PHYSICAL DESCRIPTION
Extent 100
600 ## - SUBJECT ADDED ENTRY--PERSONAL NAME
Personal name मालवी वनराज
630 ## - SUBJECT ADDED ENTRY--UNIFORM TITLE
Uniform title जीवनसाथीSाी निवड
700 ## - ADDED ENTRY--PERSONAL NAME
Personal name मालवी वनराज
730 ## - ADDED ENTRY--UNIFORM TITLE
Uniform title जीवनसाथीSाी निवड
942 ## - ADDED ENTRY ELEMENTS (KOHA)
Koha item type Book
Holdings
Withdrawn status Lost status Damaged status Not for loan Home library Current library Date acquired Cost, normal purchase price Total Checkouts Full call number Barcode Date last seen Cost, replacement price Price effective from Koha item type
        Dadar Sarvajanik Vachanalaya, Dardar Dadar Sarvajanik Vachanalaya, Dardar 04/01/1996 50.00   78748 DASAVA-78748 07/11/2009 50.00 07/11/2009 Book